00000000nam##2200000za#4500
0019.625628
003CaOODSP
00520200327183714
007ta
008150406|2001||||xxc|||||     f|0| 0 fre|d
020 |a0-662-85741-0
040 |aCaOODSP|bfre
043 |an-cn---
0861 |aM92-217/2001F
1101 |aCanada.|bRessources naturelles Canada. |bDirection des ressources énergétiques.
24510|aDenco Enterprises: chauffage d'une exploitation de serres et intégration d'autres besoins en chauffage : |bétude de cas
260 |aOttawa - Ontario : |bRessources naturelles Canada. |c2001.
300 |a6p. : |bill. ; |c28 cm.
4901 |aÉtude de cas - Systèmes de chauffage à la biomasse
563 |aCouverture souple
590 |a02-17|b2002-04-26
69107|aBiomasse|2gcpds
69107|aChauffage|2gcpds
69107|aSerre|2gcpds
77508|tDenco Enterprises: heating a greenhouse operation and other integrated heat loads : |w(CaOODSP)9.615569
7760#|tDenco Enterprises, chauffage d'une exploitation de serres et intégration d'autres besoins en chauffage |w(CaOODSP)9.603078
830#0|aÉtude de cas - Systèmes de chauffage à la biomasse.|w(CaOODSP)9.513141